000 00480nam a2200181Ia 4500
003 GCL
008 140319s9999 xx 000 0 ara d
040 _aGCL /
_cGCL
082 0 4 _a813.03
_bم ق
100 1 _aمحمد عباس
245 1 0 _aقصر العينى /
_cمحمد عباس
260 _a[S.N] :
_bمكتبة مدبولى ،
_c1993
300 _a219 ص
490 _a
650 0 4 _aالادب العربى
650 0 4 _aالقصة العربية
942 _2ddc
_cBK
999 _c56001
_d56001